000
00350nam a2200145Ia 4500
008
230524s9999 xx 000 0 und d
020
_a
9789350248997
100
_a
V.A.Avadhani
245
0
_a
International Financial Management
250
_a
6th ed.
260
_b
Himalaya
500
_a
Quantity Number: 10
650
_a
Management
942
_c
BK
999
_c
51324
_d
51324